Paesi che Confinano con la Repubblica Democratica del Congo - Statistics

Statistiche generali
  • Questo quiz è stato fatto 3.262 volte
  • Il punteggio medio è 7 su 9
Risposte nella Mappa
Le risposte nella mappa del quiz sottostante sono codificate secondo una scala di colori dal rosso al verde in base alla % di persone che hanno risposto correttamente.
 
Statistiche sulle risposte
Paese % Corretto
Repubblica del Congo
91%
Angola
87%
Tanzania
84%
Uganda
84%
Repubblica Centrafricana
83%
Zambia
83%
Ruanda
82%
Burundi
80%
Sud Sudan
77%
Nessun quiz corrispondente trovato
Distribuzione punteggi
Percentuale di utenti per punteggio
Percentile per numero di risposta
I tuoi punteggi nel tempo
Non hai fatto questo quiz